000 00448cam a2200145 4500500
005 20251012012043.0
041 _afre
042 _adc
100 1 0 _aRontard, Yseult
_eauthor
245 0 0 _aOreiller d’herbes
260 _c2020.
500 _a50
786 0 _nPhilosophie magazine | 141 | 8 | 2020-08-01 | p. 55-55 | 1951-1787
856 4 1 _uhttps://shs.cairn.info/magazine-philosophie-magazine-2020-8-page-55?lang=fr&redirect-ssocas=7080
999 _c1525284
_d1525284